| 000 | 006710000a22002050004500 | ||
|---|---|---|---|
| 003 | LK-CoMWRAF | ||
| 005 | 20240203111611.0 | ||
| 008 | 230817t1987 ||||| |||| 00| 0 eng d | ||
| 040 |
_aLK-CoMWRAF _dLK-CoMWRAF _eLK-CoMWRAF |
||
| 041 | _aeng | ||
| 082 |
_a307.5 _bHUS |
||
| 100 | _aHussainmiya, B.A. | ||
| 245 |
_aLost cousins: _bthe Malays of Sri Lanka |
||
| 260 |
_aBangi: _bInstitut Bahasa, Kesusasteraan dan Kebudayaan Melayu, Universiti Kebangsaan Malaysia, _c1987 |
||
| 300 | _a 172 p. : ill. 2 maps, portraits | ||
| 490 |
_aOccasional paper / Dunia melayu _vNo. 2 |
||
| 650 | _aMalays (Asian people)- Sri Lanka | ||
| 650 | _aEthnology- Sri Lanka | ||
| 942 | _cBK | ||
| 999 |
_c2622 _d2622 |
||